000 00492nam a2200157Ia 4500
008 151021s9999 xx 000 0 und d
020 _a895871599
050 _aLC 4705 .S74 1996
245 _a_Classroom Success for the LD and ADHD child / Suzanne H. Stevens
260 _aNorth Carolina: John F. Blair, 1996
300 _ax,342 p.
500 _aIncludes index
500 _aIncludes index
650 _a_Learning Disabled Children-Education
980 _a^d20131011 11:33:44^oanne
999 _c14453
_d14453